| 000 | 00793nam a2200217Ia 4500 | ||
|---|---|---|---|
| 001 | 11405 | ||
| 003 | GE_BSU | ||
| 008 | 181216s||||||||xx |||||||||||||| ||und|| | ||
| 040 | _cGE_BSU | ||
| 080 | _a502.17(479.22.751) | ||
| 100 | _aმამისაიშვილი კირ. | ||
| 245 | _aსაქართველოს ნაკრძალები | ||
| 245 | _cრედ: ვ. მათიკაშვილი, მხატვ. გ. ნადირაძე | ||
| 260 | _aთბილისი. | ||
| 260 | _bმეცნიერება. | ||
| 260 | _c1967 | ||
| 300 | _a81გვ.21სმ. | ||
| 300 | _eილ. რეზიუმე რუსულ ენაზე გვ.68 | ||
| 653 | _aსაქართველოს ნაკრძალები | ||
| 942 | _cBK | ||
| 999 |
_c44602 _d44602 |
||